000
00348nam a2200145Ia 4500
008
090124s9999 xx 000 0 und d
082
_b
300116
245
_a
अध:पात
250
_a
1
260
_b
दातार गो. ना.
_c
1970
300
_a
642
630
_a
अध:पात
730
_a
अध:पात
942
_c
BOOK
999
_c
189672
_d
189672